| 000 | 00349nam a22001337a 4500 | ||
|---|---|---|---|
| 005 | 20250901165813.0 | ||
| 008 | 250328b |||||||| |||| 00| 0 eng d | ||
| 020 | _a9780195738155 | ||
| 050 | _aPL 8704 .M85 2012 | ||
| 245 |
_aOthello _cAyub Mukhwana and P. I. Iribemwangi |
||
| 260 |
_aNairobi: _bOUP, _c2012. |
||
| 300 |
_a144 p: _c18 cm. |
||
| 942 | _2lcc | ||
| 999 |
_c9440 _d9440 |
||